Statistiken für Alle Städte und Gemeinden in Brandenburg

Klicken Sie hier um das Quiz zu spielen!

Allgemein

  • Dieses Quiz wurde 1.278 mal gespielt
    (374 seit der letzten Aktualisierung)
  • Das Durchschnittsergebnis liegt bei 81 aus 413

Antworten auf der Karte

Die Antworten werden auf der Karte rot bzw. grün angezeigt, abhängig davon wie oft sie richtig erraten wurden.
 

Antwortstatistiken

LandkreisBevölkerungGemeinde% Korrekt
(kreisfreie Stadt)185.750Potsdam
95%
(kreisfreie Stadt)73.609Brandenburg an der Havel
89%
(kreisfreie Stadt)99.515Cottbus
88%
(kreisfreie Stadt)58.230Frankfurt (Oder)
86%
Oberhavel45.492Oranienburg
75%
Ostprignitz-Ruppin30.764Neuruppin
70%
Dahme-Spreewald38.111Königs Wusterhausen
69%
Barnim40.908Bernau bei Berlin
66%
Barnim40.965Eberswalde
66%
Potsdam-Mittelmark27.097Teltow
64%
Dahme-Spreewald14.036Lübben (Spreewald)
58%
Havelland44.236Falkensee
56%
Uckermark33.495Schwedt/Oder
56%
Oberspreewald-Lausitz15.969Lübbenau/Spreewald
55%
Oberspreewald-Lausitz23.371Senftenberg
55%
Märkisch-Oderland26.939Strausberg
55%
Oder-Spree31.992Fürstenwalde/Spree
54%
Uckermark18.849Prenzlau
54%
Oder-Spree23.373Eisenhüttenstadt
53%
Potsdam-Mittelmark26.662Werder (Havel)
53%
Dahme-Spreewald17.017Schönefeld
51%
Prignitz16.862Wittenberge
51%
Havelland24.179Rathenow
48%
Spree-Neiße21.749Spremberg
48%
Spree-Neiße16.656Guben
47%
Teltow-Fläming20.586Luckenwalde
47%
Uckermark15.636Templin
46%
Elbe-Elster15.968Finsterwalde
45%
Havelland18.540Nauen
45%
Oder-Spree11.935Erkner
44%
Spree-Neiße4.262Burg (Spreewald)
41%
Spree-Neiße17.691Forst (Lausitz)
41%
Oberhavel26.380Hohen Neuendorf
41%
Teltow-Fläming12.423Jüterbog
41%
Teltow-Fläming26.936Ludwigsfelde
41%
Prignitz12.035Perleberg
41%
Oberhavel26.559Hennigsdorf
40%
Potsdam-Mittelmark12.818Beelitz
39%
Teltow-Fläming28.606Blankenfelde-Mahlow
39%
Teltow-Fläming20.182Zossen
38%
Uckermark13.637Angermünde
37%
Ostprignitz-Ruppin3.395Neustadt (Dosse)
36%
Potsdam-Mittelmark11.096Bad Belzig
35%
Märkisch-Oderland18.202Hoppegarten
35%
Potsdam-Mittelmark20.406Kleinmachnow
35%
Märkisch-Oderland5.394Seelow
35%
Elbe-Elster7.800Elsterwerda
34%
Ostprignitz-Ruppin14.007Wittstock/Dosse
34%
Barnim13.959Ahrensfelde
33%
Oberspreewald-Lausitz7.734Calau
32%
Teltow-Fläming4.862Dahme/Mark
32%
Elbe-Elster8.776Herzberg (Elster)
32%
Ostprignitz-Ruppin627Herzberg (Mark)
32%
Märkisch-Oderland12.286Bad Freienwalde (Oder)
31%
Oberhavel5.782Fürstenberg/Havel
31%
Oberspreewald-Lausitz14.070Lauchhammer
31%
Prignitz11.870Pritzwalk
31%
Märkisch-Oderland16.025Rüdersdorf bei Berlin
31%
Barnim23.485Wandlitz
31%
Dahme-Spreewald10.633Wildau
31%
Oder-Spree6.069Bad Saarow
30%
Märkisch-Oderland2.269Falkenberg
30%
Elbe-Elster6.317Falkenberg/Elster
30%
Märkisch-Oderland18.832Neuenhagen bei Berlin
30%
Ostprignitz-Ruppin7.948Rheinsberg
30%
Dahme-Spreewald11.355Zeuthen
30%
Elbe-Elster9.224Bad Liebenwerda
29%
Oder-Spree8.070Beeskow
28%
Ostprignitz-Ruppin9.281Kyritz
28%
Dahme-Spreewald9.443Luckau
28%
Barnim20.661Panketal
28%
Havelland10.017Schönwalde-Glien
28%
Oberhavel8.132Birkenwerder
27%
Märkisch-Oderland15.460Petershagen/Eggersdorf
27%
Oder-Spree9.352Storkow (Mark)
27%
Oberhavel12.296Velten
27%
Oder-Spree8.423Woltersdorf
27%
Havelland9.928Wustermark
27%
Märkisch-Oderland14.310Fredersdorf-Vogelsdorf
26%
Oder-Spree8.872Grünheide (Mark)
26%
Oder-Spree12.899Schöneiche bei Berlin
26%
Potsdam-Mittelmark15.756Stahnsdorf
26%
Oberhavel13.307Zehdenick
26%
Märkisch-Oderland9.662Altlandsberg
25%
Havelland12.512Brieselang
25%
Oberhavel5.849Gransee
25%
Barnim9.226Werneuchen
25%
Barnim3.414Joachimsthal
24%
Märkisch-Oderland1.474Buckow (Märk. Schw.)
23%
Barnim2.359Chorin
23%
Havelland10.298Dallgow-Döberitz
23%
Oberhavel12.430Glienicke/Nordbahn
23%
Potsdam-Mittelmark13.278Michendorf
23%
Uckermark365Mittenwalde
23%
Dahme-Spreewald9.428Mittenwalde
23%
Oder-Spree4.632Müllrose
23%
Teltow-Fläming11.423Rangsdorf
23%
Oder-Spree4.108Rietz-Neuendorf
23%
Märkisch-Oderland7.125Wriezen
23%
Teltow-Fläming4.225Baruth/Mark
22%
Elbe-Elster8.686Doberlug-Kirchhain
22%
Dahme-Spreewald6.452Eichwalde
22%
Märkisch-Oderland3.144Lebus
22%
Märkisch-Oderland7.003Müncheberg
22%
Barnim613Niederfinow
22%
Barnim10.191Schorfheide
22%
Teltow-Fläming9.728Trebbin
22%
Oberspreewald-Lausitz7.862Vetschau/Spreewald
22%
Barnim2.137Britz
21%
Spree-Neiße4.372Peitz
21%
Oberspreewald-Lausitz3.739Ruhland
21%
Potsdam-Mittelmark7.423Treuenbrietzen
21%
Prignitz2.553Bad Wilsnack
20%
Prignitz743Berge
20%
Ostprignitz-Ruppin8.971Fehrbellin
20%
Spree-Neiße1.532Jänschwalde
20%
Potsdam-Mittelmark10.971Kloster Lehnin
20%
Oberhavel7.700Kremmen
20%
Oberhavel4.368Liebenwalde
20%
Oberhavel8.460Löwenberger Land
20%
Dahme-Spreewald836Märkisch Buchholz
20%
Barnim2.134Oderberg
20%
Oberspreewald-Lausitz2.033Ortrand
20%
Oder-Spree2.954Friedland
19%
Oder-Spree3.268Gosen-Neu Zittau
19%
Dahme-Spreewald2.415Halbe
19%
Dahme-Spreewald1.176Schönwald
19%
Dahme-Spreewald8.344Bestensee
18%
Potsdam-Mittelmark8.738Groß Kreutz (Havel)
18%
Spree-Neiße9.269Kolkwitz
18%
Elbe-Elster951Lichterfeld-Schacksdorf
18%
Oder-Spree4.290Neuzelle
18%
Oberhavel11.833Oberkrämer
18%
Havelland8.368Premnitz
18%
Ostprignitz-Ruppin5.755Wusterhausen/Dosse
18%
Spree-Neiße776Briesen
17%
Oder-Spree2.881Briesen (Mark)
17%
Spree-Neiße3.166Döbern
17%
Teltow-Fläming8.804Großbeeren
17%
Oberspreewald-Lausitz8.455Großräschen
17%
Prignitz5.944Karstädt
17%
Prignitz2.111Meyenburg
17%
Elbe-Elster3.630Mühlberg/Elbe
17%
Oberhavel15.430Mühlenbecker Land
17%
Spree-Neiße4.967Neuhausen/Spree
17%
Teltow-Fläming6.565Nuthe-Urstromtal
17%
Oberspreewald-Lausitz5.568Schwarzheide
17%
Potsdam-Mittelmark10.758Schwielowsee
17%
Barnim6.029Biesenthal
16%
Potsdam-Mittelmark3.945Brück
16%
Spree-Neiße5.508Drebkau
16%
Märkisch-Oderland678Falkenhagen (Mark)
16%
Havelland2.496Friesack
16%
Uckermark2.524Gartz (Oder)
16%
Oder-Spree1.709Groß Lindow
16%
Oder-Spree1.895Jacobsdorf
16%
Havelland6.595Ketzin/Havel
16%
Märkisch-Oderland2.573Küstriner Vorland
16%
Oberhavel6.957Leegebruch
16%
Prignitz2.075Lenzen (Elbe)
16%
Dahme-Spreewald1.371Lieberose
16%
Havelland1.814Nennhausen
16%
Potsdam-Mittelmark2.005Niemegk
16%
Potsdam-Mittelmark9.035Nuthetal
16%
Märkisch-Oderland5.221Rehfelde
16%
Elbe-Elster3.056Schönewalde
16%
Uckermark576Schönfeld
16%
Dahme-Spreewald8.945Schulzendorf
16%
Dahme-Spreewald905Schwerin
16%
Elbe-Elster5.233Uebigau-Wahrenbrück
16%
Spree-Neiße3.317Welzow
16%
Potsdam-Mittelmark3.016Wusterwitz
16%
Potsdam-Mittelmark2.503Ziesar
16%
Oberspreewald-Lausitz2.385Altdöbern
15%
Teltow-Fläming6.946Am Mellensee
15%
Oder-Spree2.344Brieskow-Finkenheerd
15%
Spree-Neiße1.894Felixsee
15%
Prignitz3.312Gumtow
15%
Potsdam-Mittelmark3.277Havelsee
15%
Dahme-Spreewald7.163Heidesee
15%
Oberspreewald-Lausitz764Hermsdorf
15%
Spree-Neiße445Jämlitz-Klein Düben
15%
Havelland616Kotzen
15%
Ostprignitz-Ruppin3.030Lindow (Mark)
15%
Uckermark3.154Lychen
15%
Märkisch-Oderland2.812Neuhardenberg
15%
Havelland1.354Paulinenaue
15%
Prignitz2.654Putlitz
15%
Oder-Spree527Ragow-Merz
15%
Dahme-Spreewald1.501Schwielochsee
15%
Oberhavel845Sonnenberg
15%
Elbe-Elster3.154Sonnewalde
15%
Oberhavel1.185Stechlin
15%
Dahme-Spreewald1.885Teupitz
15%
Oder-Spree1.620Wendisch Rietz
15%
Potsdam-Mittelmark4.242Wiesenburg/Mark
15%
Oberspreewald-Lausitz514Grünewald
14%
Oberspreewald-Lausitz6.638Schipkau
14%
Spree-Neiße1.113Teichland
14%
Prignitz990Weisen
14%
Potsdam-Mittelmark850Wollin
14%
Uckermark3.112Boitzenburger Land
13%
Potsdam-Mittelmark2.121Borkheide
13%
Barnim801Breydin
13%
Oberspreewald-Lausitz569Bronkow
13%
Spree-Neiße975Dissen-Striesow
13%
Spree-Neiße798Drachhausen
13%
Oberspreewald-Lausitz704Frauendorf
13%
Märkisch-Oderland504Garzau-Garzin
13%
Elbe-Elster1.336Gröden
13%
Prignitz3.808Groß Pankow (Prignitz)
13%
Oberhavel778Großwoltersdorf
13%
Uckermark946Grünow
13%
Oder-Spree527Grunow-Dammendorf
13%
Barnim537Hohenfinow
13%
Elbe-Elster1.949Hohenleipisch
13%
Uckermark738Hohenselchow-
Groß Pinnow
13%
Dahme-Spreewald512Jamlitz
13%
Märkisch-Oderland3.978Letschin
13%
Barnim636Liepe
13%
Barnim1.691Marienwerder
13%
Dahme-Spreewald3.904Märkische Heide
13%
Barnim994Melchow
13%
Oberspreewald-Lausitz1.204Neupetershain
13%
Teltow-Fläming6.141Niedergörsdorf
13%
Märkisch-Oderland1.779Oberbarnim
13%
Uckermark889Pinnow
13%
Elbe-Elster2.579Plessa
13%
Potsdam-Mittelmark788Rabenstein/Fläming
13%
Oder-Spree2.040Rauen
13%
Havelland1.596Rhinow
13%
Barnim2.032Rüdnitz
13%
Spree-Neiße3.543Schenkendöbern
13%
Oder-Spree1.844Schlaubetal
13%
Elbe-Elster2.420Schlieben
13%
Elbe-Elster503Schraden
13%
Oder-Spree3.495Spreenhagen
13%
Oder-Spree4.491Steinhöfel
13%
Uckermark2.578Uckerland
13%
Märkisch-Oderland833Waldsieversdorf
13%
Spree-Neiße1.708Werben
13%
Oder-Spree1.265Wiesenau
13%
Barnim446Ziethen
13%
Barnim607Althüttendorf
12%
Potsdam-Mittelmark2.661Beetzsee
12%
Märkisch-Oderland628Beiersdorf-Freudenberg
12%
Oder-Spree1.040Berkenbrück
12%
Potsdam-Mittelmark1.680Borkwalde
12%
Ostprignitz-Ruppin903Breddin
12%
Uckermark1.804Brüssow
12%
Prignitz720Cumlosen
12%
Teltow-Fläming453Dahmetal
12%
Oder-Spree604Diensdorf-Radlow
12%
Spree-Neiße501Drehnow
12%
Elbe-Elster601Fichtwald
12%
Uckermark516Flieth-Stegelitz
12%
Barnim809Friedrichswalde
12%
Uckermark1.588Gerswalde
12%
Dahme-Spreewald2.507Golßen
12%
Potsdam-Mittelmark1.373Golzow
12%
Märkisch-Oderland788Golzow
12%
Potsdam-Mittelmark1.222Görzke
12%
Oberspreewald-Lausitz1.061Großkmehlen
12%
Dahme-Spreewald2.371Groß Köris
12%
Prignitz499Halenbeck-Rohlsdorf
12%
Elbe-Elster497Heideland
12%
Ostprignitz-Ruppin4.379Heiligengrabe
12%
Spree-Neiße579Heinersbrück
12%
Elbe-Elster1.221Hirschfeld
12%
Dahme-Spreewald671Kasel-Golzig
12%
Oberspreewald-Lausitz714Kroppen
12%
Prignitz705Lanz
12%
Elbe-Elster806Lebusa
12%
Prignitz606Legde/Quitzöbel
12%
Prignitz453Lenzerwische
12%
Märkisch-Oderland1.322Lindendorf
12%
Potsdam-Mittelmark908Linthe
12%
Barnim1.185Lunow-Stolzenhagen
12%
Elbe-Elster824Merzdorf
12%
Dahme-Spreewald476Münchehofe
12%
Oder-Spree1.619Neißemünde
12%
Märkisch-Oderland1.379Neutrebbin
12%
Teltow-Fläming3.028Niederer Fläming
12%
Uckermark4.182Nordwestuckermark
12%
Uckermark1.635Oberuckersee
12%
Havelland669Pessin
12%
Prignitz425Pirow
12%
Prignitz3.270Plattenburg
12%
Märkisch-Oderland882Podelzig
12%
Märkisch-Oderland1.050Prötzel
12%
Uckermark882Randowtal
12%
Oder-Spree1.255Reichenwalde
12%
Dahme-Spreewald619Rietzneuendorf-Staakow
12%
Elbe-Elster3.823Röderland
12%
Elbe-Elster1.337Rückersdorf
12%
Ostprignitz-Ruppin456Rüthnick
12%
Elbe-Elster1.418Sallgast
12%
Elbe-Elster430Schilda
12%
Dahme-Spreewald589Schlepzig
12%
Elbe-Elster1.515Schönborn
12%
Oberspreewald-Lausitz664Schwarzbach
12%
Potsdam-Mittelmark4.511Seddiner See
12%
Oder-Spree1.535Siehdichum
12%
Ostprignitz-Ruppin702Sieversdorf-Hohenofen
12%
Dahme-Spreewald458Steinreich
12%
Dahme-Spreewald950Straupitz (Spreewald)
12%
Ostprignitz-Ruppin590Stüdenitz-Schönermark
12%
Uckermark772Tantow
12%
Oder-Spree3.789Tauche
12%
Spree-Neiße681Tauer
12%
Uckermark516Temmen-Ringenwalde
12%
Oberspreewald-Lausitz749Tettau
12%
Spree-Neiße1.234Tschernitz
12%
Spree-Neiße1.102Turnow-Preilack
12%
Dahme-Spreewald809Unterspreewald
12%
Märkisch-Oderland1.431Vierlinden
12%
Oder-Spree1.483Ziltendorf
12%
Märkisch-Oderland798Alt Tucheband
11%
Dahme-Spreewald465Alt Zauche-Wußwerk
11%
Potsdam-Mittelmark683Beetzseeheide
11%
Potsdam-Mittelmark1.235Bensdorf
11%
Dahme-Spreewald889Bersteland
11%
Märkisch-Oderland446Bleyen-Genschmar
11%
Dahme-Spreewald753Byhleguhre-Byhlen
11%
Uckermark1.870Casekow
11%
Ostprignitz-Ruppin645Dabergotz
11%
Dahme-Spreewald675Drahnsdorf
11%
Märkisch-Oderland476Fichtenhöhe
11%
Prignitz484Gerdshagen
11%
Elbe-Elster943Gorden-Staupitz
11%
Potsdam-Mittelmark498Gräben
11%
Uckermark1.788Gramzow
11%
Spree-Neiße892Groß Schacksdorf-
Simmersdorf
11%
Elbe-Elster1.012Großthiemig
11%
Spree-Neiße534Guhrow
11%
Prignitz454Gülitz-Reetz
11%
Märkisch-Oderland1.342Gusow-Platkow
11%
Oberspreewald-Lausitz541Guteborn
11%
Havelland872Havelaue
11%
Märkisch-Oderland700Heckelberg-Brunow
11%
Dahme-Spreewald3.543Heideblick
11%
Oberspreewald-Lausitz990Hohenbocka
11%
Elbe-Elster626Hohenbucko
11%
Märkisch-Oderland1.038Höhenland
11%
Teltow-Fläming646Ihlow
11%
Dahme-Spreewald594Krausnick-Groß
Wasserburg
11%
Elbe-Elster780Kremitzaue
11%
Prignitz377Kümmernitztal
11%
Oder-Spree558Lawitz
11%
Märkisch-Oderland702Lietzen
11%
Oberspreewald-Lausitz767Luckaitztal
11%
Elbe-Elster1.838Massen-Niederlausitz
11%
Uckermark820Mescherin
11%
Uckermark1.463Milmersdorf
11%
Oder-Spree914Mixdorf
11%
Potsdam-Mittelmark897Mühlenfließ
11%
Spree-Neiße1.596Neiße-Malxetal
11%
Märkisch-Oderland917Neulewin
11%
Oberspreewald-Lausitz599Neu-Seeland
11%
Dahme-Spreewald1.061Neu Zauche
11%
Märkisch-Oderland1.617Oderaue
11%
Potsdam-Mittelmark497Päwesin
11%
Potsdam-Mittelmark1.008Planebruch
11%
Potsdam-Mittelmark927Planetal
11%
Märkisch-Oderland459Reitwein
11%
Havelland521Retzow
11%
Potsdam-Mittelmark1.177Roskow
11%
Prignitz454Rühstädt
11%
Uckermark619Schenkenberg
11%
Spree-Neiße804Schmogrow-Fehrow
11%
Oberhavel451Schönermark
11%
Havelland884Seeblick
11%
Havelland878Stechow-Ferchesar
11%
Ostprignitz-Ruppin481Storbeck-Frankendorf
11%
Barnim977Sydower Fließ
11%
Uckermark968Uckerfelde
11%
Oder-Spree719Vogelsang
11%
Potsdam-Mittelmark520Wenzlow
11%
Spree-Neiße1.347Wiesengrund
11%
Märkisch-Oderland657Zechin
11%
Ostprignitz-Ruppin911Zernitz-Lohm
11%
Märkisch-Oderland1.236Zeschdorf
11%
Uckermark554Zichow
11%
Prignitz1.488Breese
10%
Uckermark616Carmzow-Wallmow
10%
Ostprignitz-Ruppin1.119Dreetz
10%
Oder-Spree885Langewahl
10%
Oberspreewald-Lausitz732Lindenau
10%
Märkisch-Oderland598Märkische Höhe
10%
Havelland4.364Milower Land
10%
Havelland717Mühlenberge
10%
Barnim547Parsteinsee
10%
Potsdam-Mittelmark882Rosenau
10%
Ostprignitz-Ruppin800Temnitzquell
10%
Ostprignitz-Ruppin1.511Temnitztal
10%
Prignitz505Triglitz
10%
Elbe-Elster663Tröbitz
10%
Ostprignitz-Ruppin491Vielitzsee
10%
Ostprignitz-Ruppin781Walsleben
10%
Märkisch-Oderland1.290Bliesdorf
9%
Potsdam-Mittelmark490Buckautal
9%
Elbe-Elster1.169Crinitz
9%
Havelland418Gollenberg
9%
Uckermark801Göritz
9%
Havelland420Großderschau
9%
Havelland1.265Märkisch Luch
9%
Märkisch-Oderland559Reichenow-Möglin
9%
Dahme-Spreewald454Spreewaldheide
9%
Märkisch-Oderland377Treplin
9%
Havelland779Wiesenaue
9%
Havelland357Kleßen-Görne
8%
Prignitz699Marienfließ
8%
Ostprignitz-Ruppin1.261Märkisch Linden
8%

Verteilung der Resultate

Perzentil nach korrekt beantworteten Fragen

Anzahl Personen mit jedem Resultat

Ihre Resultats-Entwicklung

Sie haben dieses Quiz seit der letzten Aktualisierung nicht gespielt